Online
Catalog

Neruda / (Record no. 3516)

MARC details
000 -CABECERA
campo de control de longitud fija 01309nam a2200301 a 4500
001 - NÚMERO DE CONTROL
campo de control 000003694
003 - IDENTIFICADOR DEL NÚMERO DE CONTROL
campo de control DO-SdBNP
005 - FECHA Y HORA DE LA ÚLTIMA TRANSACCIÓN
campo de control 20220720131643.0
007 - CAMPO FIJO DE DESCRIPCIÓN FÍSICA--INFORMACIÓN GENERAL
campo de control de longitud fija ta
008 - DATOS DE LONGITUD FIJA--INFORMACIÓN GENERAL
campo de control de longitud fija 090713e1996 cl a er 001 0bspa d
020 ## - NÚMERO INTERNACIONAL ESTÁNDAR DEL LIBRO
Número Internacional Estándar del Libro 9562620417
040 ## - FUENTE DE LA CATALOGACIÓN
Centro catalogador/agencia de origen DO-SdBNP
Lengua de catalogación spa
Centro/agencia transcriptor BNPHU
082 #4 - NÚMERO DE LA CLASIFICACIÓN DECIMAL DEWEY
Número de clasificación 928.61
Número de documento/Ítem N454T
Número de edición 22
100 1# - ENTRADA PRINCIPAL--NOMBRE DE PERSONA
Nombre de persona Teitelboim, Volodia,
Fechas asociadas al nombre 1916-2008
9 (RLIN) 3850
245 10 - MENCIÓN DE TÍTULO
Título Neruda /
Mención de responsabilidad, etc. Volodia Teitelboim.
260 ## - PUBLICACIÓN, DISTRIBUCIÓN, ETC.
Lugar de publicación, distribución, etc. Santiago de Chile :
Nombre del editor, distribuidor, etc. Sudamericana chilena,
Fecha de publicación, distribución, etc. 1996.
300 ## - DESCRIPCIÓN FÍSICA
Extensión 532 p. :
Otras características físicas il. ;
Dimensiones 22 cm.
500 ## - NOTA GENERAL
Nota general Ed. rev. y act.
500 ## - NOTA GENERAL
Nota general Incluye índice de nombre e ilustraciones.
500 ## - NOTA GENERAL
Nota general Incluye notas bibliográficas : p. 515- 518
505 ## - NOTA DE CONTENIDO CON FORMATO
Nota de contenido con formato Primera parte: De las lluvia ala guerra--
Título I. Niño de frontera--
-- II. Joven de crepúsculo--
-- III. Agonía y creación en Oriente--
-- La letra con sangre entra--
505 ## - NOTA DE CONTENIDO CON FORMATO
Nota de contenido con formato Segunda parte: Pasión y Muerte--
Título V. Su descubrimiento de América--
-- VI. El viaje del mundo--
-- VII. Narrador de sí mismo--
-- VIII. La balada del viejo marinero--
-- Notas bibliográficas--
-- Índice de ilustraciones--
-- Índice de nombres.
590 ## - NOTA LOCAL (RLIN)
Nota local Inventariado 2022 / MF
600 14 - PUNTO DE ACCESO ADICIONAL DE MATERIA--NOMBRE DE PERSONA
Nombre de persona Neruda, Pablo,
Fechas asociadas al nombre 1904-1973
9 (RLIN) 9164
650 #4 - PUNTO DE ACCESO ADICIONAL DE MATERIA--TÉRMINO DE MATERIA
Término de materia o nombre geográfico como elemento de entrada Poetas chilenos
Subdivisión cronológica Siglo XX
Subdivisión de forma Biografías
9 (RLIN) 11296
910 ## - DATOS DE OPCIÓN DEL USUARIO (OCLC)
Datos de opción del usuario Validado. Control de calidad MMolina
942 ## - ELEMENTOS DE PUNTO DE ACCESO ADICIONAL (KOHA)
Fuente del sistema de clasificación o colocación Dewey Decimal Classification
Tipo de ítem Koha Libro
Holdings
Estado de retiro Estado de pérdida Fuente del sistema de clasificación o colocación Restricciones de uso No para préstamo Código de colección Localización permanente Ubicación/localización actual Ubicación en estantería Fecha de adquisición Fuente de adquisición Signatura topográfica completa Código de barras Fecha visto por última vez Precio válido a partir de Tipo de ítem Koha
    Dewey Decimal Classification Préstamo en sala   Referencia General Biblioteca Nacional Pedro Henríquez Ureña Biblioteca Nacional Pedro Henríquez Ureña Depósito 13.04.2018 Compra BNPHU 928.61 N454T 3694-10 25.06.2020 25.06.2020 Libro

Powered by Koha